Music Quiz

Random Music or Missing Word Quiz

First Word Rock Songs Quiz Stats

 Plays Quiz Updated Dec 19, 2017

Score 0/30 Timer 04:00
3 Plays Today
First Word % Correct
Sweet
96.9%
Stairway
95.9%
Don't
95.9%
More
95.6%
Born
95.2%
Bohemian
94.5%
Back
93.5%
You
93.2%
Walk
92.7%
Light
91.6%
Welcome
91%
Go
90.8%
Smoke
89.3%
Free
88.1%
Like
87.9%
First Word % Correct
Life
87%
Space
86.4%
Come
84.2%
Enter
83.4%
Carry
83.4%
Comfortably
79.2%
Sultans
78.9%
Crazy
77.5%
Sympathy
76.4%
Baba
76.1%
Sharp
74.8%
Sunshine
62.7%
Slow
62.5%
Piece
58.1%
Ramblin'
50.3%

You're not logged in!

Compare scores with friends on all Sporcle quizzes.
OR
Log In

You Might Also Like...

Show Comments

Extras

Top Quizzes Today


Score Distribution

Your Account Isn't Verified!

In order to create a playlist on Sporcle, you need to verify the email address you used during registration. Go to your Sporcle Settings to finish the process.

Report this User

Report this user for behavior that violates our Community Guidelines.

Details: